000 00424nam a22001697a 4500
005 20230118122645.0
008 200318b xxu||||| |||| 00| 0 eng d
020 _a9788123916897
041 _aeng
100 _aVYAS, S P
245 _aTHEORY AND PRACTICE IN NOVEL DRUG DELIVERY SYSTEM
250 _a1ST, 2009
260 _aNEW DELHI
_bCBS
_c2018
300 _a405;p V
650 _aPHARMACY
_xD.PHARMA
_97090
942 _cBK
999 _c6144
_d6142